<?xml version='1.0' encoding='UTF-8'?>
  <record xmlns="http://www.loc.gov/MARC21/slim">
    <leader>00000cam a2200000   4500</leader>
    <controlfield tag="001">ocm64080507</controlfield>
    <controlfield tag="003">OCoLC</controlfield>
    <controlfield tag="005">20250329094004.3</controlfield>
    <controlfield tag="008">921027s1871    ne a          000 0 dut d</controlfield>
    <datafield tag="040" ind1=" " ind2=" ">
      <subfield code="a">COO</subfield>
      <subfield code="b">eng</subfield>
      <subfield code="c">COO</subfield>
      <subfield code="d">OCLCG</subfield>
      <subfield code="d">OCLCF</subfield>
      <subfield code="d">OCLCO</subfield>
      <subfield code="d">OCLCQ</subfield>
      <subfield code="d">OCLCA</subfield>
      <subfield code="d">OCLCO</subfield>
      <subfield code="d">OCLCL</subfield>
      <subfield code="d">OCLCQ</subfield>
    </datafield>
    <datafield tag="029" ind1="1" ind2=" ">
      <subfield code="a">NLGGC</subfield>
      <subfield code="b">059580798</subfield>
    </datafield>
    <datafield tag="035" ind1=" " ind2=" ">
      <subfield code="a">(OCoLC)64080507</subfield>
    </datafield>
    <datafield tag="043" ind1=" " ind2=" ">
      <subfield code="a">a-su---</subfield>
      <subfield code="a">ar-----</subfield>
    </datafield>
    <datafield tag="100" ind1="1" ind2=" ">
      <subfield code="a">Keyzer, Salomo,</subfield>
      <subfield code="d">1823-1868.</subfield>
      <subfield code="1">https://id.oclc.org/worldcat/entity/E39PBJwxGvfWYQv7Cghv9qfrMP</subfield>
    </datafield>
    <datafield tag="245" ind1="1" ind2="3">
      <subfield code="a">De bedevaart der Inlanders naar Mekka.</subfield>
      <subfield code="b">Volledige beschrijving van alles wat op de bedevaart en de bedevaart-gangers uit Nederlandsch-Indië betrekking heeft.</subfield>
    </datafield>
    <datafield tag="250" ind1=" " ind2=" ">
      <subfield code="a">Nieuwe uitgaaf.</subfield>
    </datafield>
    <datafield tag="260" ind1=" " ind2=" ">
      <subfield code="a">Leiden,</subfield>
      <subfield code="b">Gualth, Kolff,</subfield>
      <subfield code="c">1871.</subfield>
    </datafield>
    <datafield tag="300" ind1=" " ind2=" ">
      <subfield code="a">vi [9]-191 pages</subfield>
      <subfield code="b">illustrations</subfield>
      <subfield code="c">29 cm</subfield>
    </datafield>
    <datafield tag="336" ind1=" " ind2=" ">
      <subfield code="a">text</subfield>
      <subfield code="b">txt</subfield>
      <subfield code="2">rdacontent</subfield>
    </datafield>
    <datafield tag="337" ind1=" " ind2=" ">
      <subfield code="a">unmediated</subfield>
      <subfield code="b">n</subfield>
      <subfield code="2">rdamedia</subfield>
    </datafield>
    <datafield tag="338" ind1=" " ind2=" ">
      <subfield code="a">volume</subfield>
      <subfield code="b">nc</subfield>
      <subfield code="2">rdacarrier</subfield>
    </datafield>
    <datafield tag="650" ind1=" " ind2="0">
      <subfield code="a">Pilgrims and pilgrimages</subfield>
      <subfield code="z">Saudi Arabia</subfield>
      <subfield code="z">Mecca.</subfield>
    </datafield>
    <datafield tag="650" ind1=" " ind2="0">
      <subfield code="a">Indonesians</subfield>
      <subfield code="z">Arabian Peninsula.</subfield>
    </datafield>
    <datafield tag="650" ind1=" " ind2="6">
      <subfield code="a">Indonésiens</subfield>
      <subfield code="z">Arabie (Péninsule)</subfield>
    </datafield>
    <datafield tag="650" ind1=" " ind2="7">
      <subfield code="a">Indonesians.</subfield>
      <subfield code="2">fast</subfield>
      <subfield code="0">(OCoLC)fst00970665</subfield>
    </datafield>
    <datafield tag="650" ind1=" " ind2="7">
      <subfield code="a">Pilgrims and pilgrimages.</subfield>
      <subfield code="2">fast</subfield>
      <subfield code="0">(OCoLC)fst01064066</subfield>
    </datafield>
    <datafield tag="651" ind1=" " ind2="7">
      <subfield code="a">Arabian Peninsula.</subfield>
      <subfield code="2">fast</subfield>
      <subfield code="0">(OCoLC)fst01240131</subfield>
      <subfield code="1">https://id.oclc.org/worldcat/entity/E39PBJpV6kpp36kd7rDTHYXcfq</subfield>
    </datafield>
    <datafield tag="651" ind1=" " ind2="7">
      <subfield code="a">Saudi Arabia</subfield>
      <subfield code="z">Mecca.</subfield>
      <subfield code="2">fast</subfield>
      <subfield code="0">(OCoLC)fst01204780</subfield>
      <subfield code="1">https://id.oclc.org/worldcat/entity/E39PBJxxhV4J6Fc37VJCWx4Xh3</subfield>
    </datafield>
    <datafield tag="936" ind1=" " ind2=" ">
      <subfield code="a">BATCHLOAD</subfield>
    </datafield>
  </record>